| 000 | 00690 a2200205 4500 | ||
|---|---|---|---|
| 999 |
_c183234 _d183234 |
||
| 005 | 20211221140641.0 | ||
| 010 | _aENG-130446 | ||
| 020 |
_a978-93-5460-136-1 _c927.00 |
||
| 035 | _aEN-113978 | ||
| 037 | _bDBAD/PUB | ||
| 082 |
_a578.02462 _b1 |
||
| 100 | _aChapra, Steven C. | ||
| 245 |
_aNumerical Methods for Engineers: _cSteven C. Chapra, Raymond P.Canale |
||
| 250 | _aIndian Edition | ||
| 260 |
_aTamill Nadu _bMcGraw Hill Education Private Limited _c2021 |
||
| 270 |
_a444/1, Sri Ekambara Naicker Industrial Estate, Alapakkam, Porur _bChennai _e600116 |
||
| 300 |
_a988p. _c27cm (pbk) |
||
| 700 | _aCanale, Raymond P. | ||
| 942 |
_adpl _cEN _2ddc _h518.02462 _mCHA |
||